000 01345nam a2200349 i 4500
003 DO-SdBNP
005 20260525182449.0
007 ta
008 110301s2019 dr 000 0 spa d
020 _a9789945597745
040 _aDO-SdBNP
_bspa
_cBNPHU
_erda
041 _aspa
082 4 _a158.10835
_bG373a
_223
100 1 _aGermán, Gil,
_eautor
_4aut.
_975387
245 1 0 _aAdministrando mi vida en la adolescencia :
_benfocado hacia la construcción de habilidades para vivir mejor /
_cGil Germán ; prólogo, Claribel Díaz
264 1 _aSanto Domingo; República Dominicana :
_bImpresión Amigo del Hogar,
_c2019.
300 _a72 páginas ;
_c22 cm
336 _atexto
_btxt
_2rdacontent
337 _asin mediación
_bn
_2rdamedia
338 _avolumen
_bnc
_2rdacarrier
500 _aIncluye datos biográficos del autor en la contracubierta.
500 _aEl ejemplar 4 pertenece a la segunda impresión de la primera edición.
504 _aBibliografía p: 69-70.
590 _aInventariado, 2022/ YL
650 1 _2lemb
_aAdolescentes
_xAspectos psicológicos
_989735
650 7 _2lemb
_aMadurez emocional
_91730
650 7 _2lemb
_aHabilidades sociales
_989736
650 7 _2lemb
_aAutorrealización (Psicología)
_9211
700 1 _aDíaz, Claribel,
_eprologuista
_4pr.
_937139
910 _aYLockward
942 _2ddc
_cLBS1
999 _c51789
_d51789